| 000 | 00627nam a2200181 a 4500 | ||
|---|---|---|---|
| 001 | BRCA_8485 | ||
| 005 | 20190320210313.0 | ||
| 008 | 230316s2015----mx-a######---#000-0#spa-# | ||
| 020 | _a9786077805113 | ||
| 041 | _aspa | ||
| 044 | _amx | ||
| 050 | 4 |
_aZ1426 _b.C56 2015 |
|
| 245 | 1 | 0 | _a50 [i.e. Cincuenta] años Centro de Estudios de Historia de México CARSO. Fundación Carlos Slim. |
| 260 |
_aMéxico _bFundación Carlos Slim _c2015 |
||
| 300 |
_a267 p. _bil (algunas a color) _c34 cm. _eíndice e introducción en hojas sueltas |
||
| 610 | 2 | 4 |
_aCentro de Estudios de Historia de México Carso _xHistoria _921264 |
| 942 |
_2lcc _cB |
||
| 999 |
_c8152 _d8152 |
||